000 00261nam a2200109Ia 4500
008 190919s9999||||xx |||||||||||||| ||und||
100 _a Mohammad Khan
245 0 _aTazkart-ul mulook
260 _aMultan
_bBizim Sakafaat
_c1999
300 _a462
942 _cBK
999 _c10750
_d10750